Word Chain - Dark Souls - Statistics

General Stats
  • This quiz has been taken 104 times
  • The average score is 15 of 18
Answer Stats
Hint Answer % Correct
In DS1, you start as a prisoner in the ______ Asylum Undead
100%
Should you lose your sense of purpose, you might just go ______ Hollow
96%
In DS2, Majula replaces _______ Shrine as your central hub Firelink
93%
Choosing the Master ___ as a starting gift lets you skip huge chunks of the game Key
93%
Unlike many other games, Dark Souls doesn't give you a ___, so you can get lost at times Map
93%
The giant ____, Sif, protects the grave of Artorias, and was his loyal companion in life Wolf
93%
_____ the Giant rules the Profaned Capital Yhorm
92%
Before Lords like Gwyn and Nito, the world was ruled by _______ Dragons
89%
Prince _____ is just a frail boy, but uses magic to help his much stronger brother kill you Lothric
89%
______ is widely regarded as the easiest boss in DS1 Pinwheel
89%
You have four ____ slots in DS2 & DS3, but only two slots in DS1 Ring
82%
Black Knight Sword is a Greatsword, but Lothric Knight Sword is a ______ Sword Straight
80%
Use an _____ in DS3 to enlarge your health bar until death Ember
75%
The wife of King Vendrick is Queen ________ Nashandra
74%
Hawkeye _____ helps you by shooting down Kalameet Gough
71%
Throughout the series, you can cast Miracles with either a Chime or a ________ Talisman
70%
The Large ____ and Great ____ show up in all 3 games, and scale with Strength Club
54%
The most common enemy in Iron Keep are ______ Knights Alonne
42%
No matching quizzes found
Score Distribution
Percent of People with Each Score
Percentile by Number Answered
Your Score History
You have not taken this quiz